Govt. of
Madhya Pradesh

भारतीय साक्ष्य अधिनियम .2023 (क्र 47 स्ं 2023 (Record no. 68262)

MARC details
000 -LEADER
fixed length control field 00421nam a22001097a 4500
082 ## - DEWEY DECIMAL CLASSIFICATION NUMBER
Classification number 340
100 ## - MAIN ENTRY--AUTHOR NAME
Personal name त्रिपाठी ,डॉ सुरेश मणि
245 ## - TITLE STATEMENT
Title भारतीय साक्ष्य अधिनियम .2023 (क्र 47 स्ं 2023
260 ## - PUBLICATION, DISTRIBUTION, ETC. (IMPRINT)
Place of publication रायपुर
Name of publisher राज लॉ पब्लिकेशन
Year of publication 2025
650 ## - SUBJECT ADDED ENTRY--TOPICAL TERM
Topical Term कानून
942 ## - ADDED ENTRY ELEMENTS (KOHA)
Koha item type Competitive Books
Holdings
Withdrawn status Lost status Damaged status Not for loan Home library Current library Date acquired Cost, normal purchase price Full call number Accession Number Price effective from Koha item type
        MACL MACL 10/10/2025 275.00 340 DPI003916 10/10/2025 Competitive Books